| 000 | 00524pab a2200193 454500 | ||
|---|---|---|---|
| 008 | 180718b1990 xxu||||| |||| 00| 0 eng d | ||
| 100 | _aJain, R.B. | ||
| 245 | _aAdministrative culture and bureaucratic values in India | ||
| 260 | _c1990 | ||
| 300 | _ap.435-450. | ||
| 362 | _aJul-Sep | ||
| 650 | _aBureaucracy - India | ||
| 650 | _aPublic administration - India | ||
| 650 | _aPublic administration | ||
| 700 | _aDwivedi, O.P. | ||
| 773 | _aIndian Journal of Public Administration | ||
| 908 | _aN | ||
| 909 | _a88963 | ||
| 999 |
_c88963 _d88963 |
||